000
00308nam a22001337a 4500
008
180215b xxu||||| |||| 00| 0 eng d
020
_a
012093552-X
041
_a
eng
080
_2
2nd
_a
62
100
_a
27
101
_a
IM
245
_a
Data structures theory and practice
_c
Berztiss,A.T
942
_2
udc
_c
BK
999
_c
42643
_d
42643